000 00243nam a2200097Ia 4500
008 190216s9999||||xx |||||||||||||| ||und||
100 _aKerala Bhasha Institute
245 0 _aManavika Shabdavali
260 _bKerala Bhasha Institute
942 _cBK
999 _c37518
_d37518